02372nam a22003017a 450000500170000000800410001702000150005805000220007310000360009524000590013124500650019025000110025526000380026630000180030433600100032233700140033233800120034650000500035850512790040851900420168765000240172965000290175370000510178294200120183395201040184595201040194999900170205320231102151500.0121101s1988 mx a f 000 0 spa d a9688801072 aHB171.5 H557 198810aHIRSHLEIFER, JackeAutor939042 aPrice theory and applications third editionlEspañol10aMicroeconomíab: teoría y prácticac/ Jack Hirshleifer a2a ed. aMéxico : bPrentice Hall,c1988 a639 páginas aTexto aSin medio aVolumen aTraducción de: Rosa María Rosas Sánchez1 aContenido: -Primera parte: introducción Capítulo 1. La naturaleza y objeto de la economía Capítulo 2. Herramientas de trabajo Segunda parte: preferencias, consumo y demanda Capítulo 3. Utilidad y preferencia Capítulo 4. Consumo y demanda Capítulo 5. Aplicaciones y extensiones de la teoría de la demanda Tercera parte: la empresa y la industria Capítulo 6. La empresa mercantil Capítulo 7. Oferta competitiva y el equilibrio en el mercado de productos: los beneficios del comercio Capítulo 8. El monopolio Capítulo 9. El producto como variable: variedad y la calidad Capítulo 10. El oligopolio Cuarta parte: factores de mercado y distribución de ingreso Capítulo 11. La demanda de factores de la producción Capítulo 12. Oferta de factores recursos y equilibrio en el mercado de factores Quinta parte: intercambio Capítulo 13. Los beneficios del intercambio, los costos de la transacción y la función del dinero Sexta parte: análisis intertemporal Capítulo 14. Elección intertemporal: ahorro, inversión e interés Séptima parte: economía política Capítulo 15. La economía del bienestar: la teoría de la política económica Capítulo 16. Economía política: cooperación y conflicto aModalidad complementariad(12 000550)10aMICROECONOMÍA98824aECONOMIA GERENCIAL94186 0aSánchez García, Antonioetraductora939043 2lcccLB 00102lcc4070a12b12d2015-07-17l0oHB171.5 H557 1988p12 000550r2015-04-22t1w2012-11-01yLB 00102lcc4070a12b12d2015-07-17l0oHB171.5 H557 1988p12 000551r2015-07-17t2w2015-07-17yLB c86750d86750